<The> effects of anticipated future change in the monetary policy regime

Saved in:
Bibliographic Details
Main Author: Antal, Juraj
Other Authors: Brázdik, František
Format: Book
Language:English
Published: Praha Czech National Bank 2007
Series:Working paper series 15/2007
Subjects:
Tags: Add Tag
No Tags, Be the first to tag this record!

MARC

LEADER 00000nam$a2200000$$$4500
001 0082100
005 20240313135310.4
022 |a 1803-2397 
041 0 |a eng 
044 |a CZ 
245 1 0 |a <The> effects of anticipated future change in the monetary policy regime  |c Juraj Antal, František Brázdik 
264 1 |a Praha  |b Czech National Bank  |c 2007 
300 |a 53 s. 
490 1 |a Working paper series  |v 15/2007 
830 0 |a Working paper series  |v 15/2007 
610 2 0 |a politika peňažná 
610 2 0 |a hospodárstvo otvorené 
610 2 0 |a inflácia 
610 2 0 |a kurz devízový 
610 2 0 |a domácnosti 
610 2 0 |a firmy 
610 2 0 |a makroekonomika 
610 2 0 |a modely 
610 2 0 |a modelovanie ekonometrické 
100 1 |a Antal, Juraj 
700 1 |a Brázdik, František